000
00351nam a2200145Ia 4500
008
151213s9999 xx 000 0 und d
100
_a
Hafiz Uddin
245
_a
Basic accounting
_c
Hafiz Uddin
260
_a
Dhaka
_b
The angel pub.
_c
2004
300
_a
1711 p.
650
_a
Accounting
650
_a
Accounting
700
_a
Hafiz Uddin
999
_c
1264
_d
1264